000 00902nam a2200265 a 4500
001 73860
003 BD-RjUL
005 20211209082445.0
008 170613r19681954nyua b 001 0 eng d
035 _a(BD-RjUL)74078
040 _aDLC
_cDZM
_dOCL
_dUKM
_dIQU
_dOCLCQ
_dMYG
_dBD-RjUL
_beng
041 _aeng
082 _a621.3133
_223
_bPUA 1968
100 1 _aPuchstein, A. F.
_q(Albert Frederick),
_d1886-
_940988
245 1 0 _aAlternating-current machines /
_cA.F. Puchstein, T.C. Lloyd, A.G. Conrad.
250 _a3rd ed.
260 _aBombay :
_bAsia Publishing House,
_cc1954 [Reprinted 1968]
300 _a721 p. :
_bill. ;
_c24 cm.
504 _aIncludes bibliographical references and indexes.
650 0 _aElectric machinery
_xAlternating current.
_9218710
700 1 _aLloyd, T. C.
_q(Thomas Cox)
_9218711
700 1 _aConrad, A. G.
_9218712
942 _2ddc
_cBK
999 _c73860
_d73860